[Event "World Cup 2021"]
[Site "Sochi"]
[Date "2021.07.13"]
[Round "2.15"]
[White "Jumabayev Rinat (KAZ)"]
[Black "Eiti Bashir (SYR)"]
[Result "1-0"]
[WhiteElo "2637"]
[BlackElo "2340"]
[Annotator ""]
[Source ""]
[Remark ""]

1.c4 {[%clk 1:30:55]} d6 {[%clk 1:30:29]} 2.Nc3 {[%clk 1:31:00]}
e5 {[%clk 1:30:37]} 3.g3 {[%clk 1:27:56]} h5 {[%clk 1:28:40]}
4.Nf3 {[%clk 1:25:21]} Be7 {[%clk 1:24:26]} 5.d4 {[%clk 1:20:46]}
exd4 {[%clk 1:22:55]} 6.Nxd4 {[%clk 1:17:02]} h4 {[%clk 1:22:49]}
7.Bg2 {[%clk 1:16:12]} Nd7 {[%clk 1:09:44]} 8.Bf4 {[%clk 1:03:30]}
h3 {[%clk 1:03:49]} 9.Bf3 {[%clk 0:49:29]} g5 {[%clk 1:03:02]}
10.Be3 {[%clk 0:42:39]} Ne5 {[%clk 1:02:41]} 11.Qb3 {[%clk 0:39:38]}
c5 {[%clk 0:48:21]} 12.Nc2 {[%clk 0:37:19]} Nxf3+ {[%clk 0:45:40]}
13.exf3 {[%clk 0:37:40]} b5 {[%clk 0:37:59]} 14.Qxb5+ {[%clk 0:35:07]}
Bd7 {[%clk 0:37:48]} 15.Qa6 {[%clk 0:35:22]} Rb8 {[%clk 0:30:23]}
16.O-O-O {[%clk 0:33:59]} Bc8 {[%clk 0:14:56]} 17.Qxa7 {[%clk 0:30:12]}
Bb7 {[%clk 0:13:38]} 18.Bxc5 {[%clk 0:12:08]} Rh6 {[%clk 0:11:03]}
19.Nd5 {[%clk 0:06:48]} Bxd5 {[%clk 0:10:23]} 20.Qa4+ {[%clk 0:05:49]}
Kf8 {[%clk 0:10:47]} 21.Rxd5 {[%clk 0:06:13]} Nf6 {[%clk 0:10:42]}
22.Rd3 {[%clk 0:06:25]} Nd7 {[%clk 0:10:14]} 23.Bd4 {[%clk 0:06:26]}
Bf6 {[%clk 0:09:36]} 24.Rhd1 {[%clk 0:06:23]} Bxd4 {[%clk 0:09:17]}
25.Rxd4 {[%clk 0:06:39]} Qc7 {[%clk 0:06:53]} 26.Qa3 {[%clk 0:04:55]}
Nc5 {[%clk 0:06:27]} 27.Ne3 {[%clk 0:05:00]} Re6 {[%clk 0:06:07]}
28.Rd5 {[%clk 0:04:23]} f6 {[%clk 0:02:46]} 29.R1d2 {[%clk 0:04:41]}
Kf7 {[%clk 0:02:50]} 30.Qc3 {[%clk 0:04:28]} Ra8 {[%clk 0:02:05]}
31.a3 {[%clk 0:04:17]} Qb6 {[%clk 0:01:01]} 32.b4 {[%clk 0:04:15]}
Nd7 {[%clk 0:01:13]} 33.c5 {[%clk 0:04:00]} Qb7 {[%clk 0:00:34]}
34.c6 {[%clk 0:03:21]} Qc7 {[%clk 0:00:47]} 35.Qc2 {[%clk 0:03:12]}
Nf8 {[%clk 0:01:05]} 36.R5d3 {[%clk 0:03:20]} d5 {[%clk 0:00:55]}
37.b5 {[%clk 0:02:05]} Qe5 {[%clk 0:01:07]} 38.Qb2 {[%clk 0:01:50]}
d4 {[%clk 0:01:20]} 39.Rxd4 {[%clk 0:02:13]} Qc5+ {[%clk 0:01:13]}
40.Rc4 {[%clk 0:02:11]} Qe7 {[%clk 0:00:48]} 41.Rc3 {[%clk 0:01:56]}
Rc8 {[%clk 0:24:45]} 42.Qb3 {[%clk 0:31:29]} Qe8 {[%clk 0:21:38]}
43.Kb2 {[%clk 0:31:33]} Kg7 {[%clk 0:17:30]} 44.a4 {[%clk 0:30:33]}
Kh8 {[%clk 0:14:50]} 45.a5 {[%clk 0:29:41]} Re5 {[%clk 0:13:27]}
46.a6 {[%clk 0:25:22]} Rxb5 {[%clk 0:04:43]} 47.Qxb5 {[%clk 0:22:10]}
Rb8 {[%clk 0:05:11]} 48.Qb7 {[%clk 0:22:31]} Rxb7+ {[%clk 0:02:23]}
49.cxb7 {[%clk 0:20:47]} Qb8 {[%clk 0:01:25]} 50.Rd5 {[%clk 0:21:12]}
Qa7 {[%clk 0:00:59]} 51.Rb3 {[%clk 0:21:26]} Qxa6 {[%clk 0:00:56]}
52.b8Q {[%clk 0:21:46]} Qe2+ {[%clk 0:01:15]} 53.Nc2 {[%clk 0:22:06]}
Kg7 {[%clk 0:01:05]} 54.Rb7+ {[%clk 0:22:14]} Kg6 {[%clk 0:01:33]}
55.Qxf8 {[%clk 0:22:19]} Kh5 {[%clk 0:00:38]} 56.g4+ {[%clk 0:22:21]} 1-0

[Event "World Cup 2021"]
[Site "Sochi"]
[Date "2021.07.13"]
[Round "2.19"]
[White "Yilmaz Mustafa (TUR)"]
[Black "Omar Noaman (UAE)"]
[Result "1/2-1/2"]
[WhiteElo "2630"]
[BlackElo "2367"]
[Annotator ""]
[Source ""]
[Remark ""]

1.d4 {[%clk 1:30:52]} Nf6 {[%clk 1:30:30]} 2.c4 {[%clk 1:31:16]}
e6 {[%clk 1:30:44]} 3.Nc3 {[%clk 1:31:28]} Bb4 {[%clk 1:30:39]}
4.Qc2 {[%clk 1:31:47]} d5 {[%clk 1:30:06]} 5.a3 {[%clk 1:31:35]}
Bxc3+ {[%clk 1:30:29]} 6.Qxc3 {[%clk 1:32:00]} O-O {[%clk 1:29:30]}
7.Bg5 {[%clk 1:31:00]} c5 {[%clk 1:21:35]} 8.dxc5 {[%clk 1:24:56]}
d4 {[%clk 1:21:05]} 9.Qf3 {[%clk 1:24:46]} Nc6 {[%clk 1:15:19]}
10.O-O-O {[%clk 1:15:50]} e5 {[%clk 1:14:27]} 11.e3 {[%clk 1:14:44]}
Bg4 {[%clk 1:03:47]} 12.Bxf6 {[%clk 1:14:38]} Bxf3 {[%clk 1:04:08]}
13.Bxd8 {[%clk 1:15:03]} Bxd1 {[%clk 1:04:23]} 14.Bc7 {[%clk 1:14:24]}
Bh5 {[%clk 1:01:37]} 15.b4 {[%clk 1:04:35]} Rfc8 {[%clk 0:57:16]}
16.Bd6 {[%clk 1:04:11]} dxe3 {[%clk 0:56:51]} 17.fxe3 {[%clk 1:03:44]}
f6 {[%clk 0:42:55]} 18.Ne2 {[%clk 0:55:15]} a5 {[%clk 0:41:18]}
19.b5 {[%clk 0:54:47]} Nd8 {[%clk 0:40:38]} 20.Nc3 {[%clk 0:54:08]}
Nf7 {[%clk 0:25:46]} 21.Na4 {[%clk 0:35:06]} Re8 {[%clk 0:17:32]}
22.h3 {[%clk 0:32:35]} Rad8 {[%clk 0:17:31]} 23.g4 {[%clk 0:32:15]}
Bg6 {[%clk 0:12:27]} 24.Bc7 {[%clk 0:32:03]} Rc8 {[%clk 0:10:29]}
25.Bb6 {[%clk 0:31:29]} e4 {[%clk 0:07:56]} 26.Kc2 {[%clk 0:27:26]}
Ne5 {[%clk 0:07:56]} 27.Kb3 {[%clk 0:25:49]} Nd3 {[%clk 0:05:46]}
28.Be2 {[%clk 0:22:56]} f5 {[%clk 0:03:53]} 29.Bxa5 {[%clk 0:21:22]}
f4 {[%clk 0:01:24]} 30.Bxd3 {[%clk 0:19:41]} exd3 {[%clk 0:01:52]}
31.exf4 {[%clk 0:20:04]} Re3 {[%clk 0:01:22]} 32.Bd2 {[%clk 0:19:12]}
Re2 {[%clk 0:01:39]} 33.Rd1 {[%clk 0:19:37]} Bf7 {[%clk 0:01:53]}
34.f5 {[%clk 0:17:24]} Re4 {[%clk 0:01:14]} 35.Rc1 {[%clk 0:16:08]}
Re2 {[%clk 0:01:41]} 36.Kc3 {[%clk 0:13:28]} Ra8 {[%clk 0:01:55]}
37.Nb6 {[%clk 0:10:36]} Rxa3+ {[%clk 0:02:23]} 38.Kb4 {[%clk 0:10:59]}
Ra2 {[%clk 0:01:21]} 39.c6 {[%clk 0:10:28]} bxc6 {[%clk 0:01:41]}
40.bxc6 {[%clk 0:10:56]} Rb2+ {[%clk 0:01:35]} 41.Kc5 {[%clk 0:10:20]}
Rbxd2 {[%clk 0:02:02]} 42.c7 {[%clk 0:10:40]} Re8 {[%clk 0:01:32]}
43.Rc3 {[%clk 0:06:42]} g6 {[%clk 0:13:18]} 44.c8Q {[%clk 0:29:13]}
Rxc8+ {[%clk 0:13:18]} 45.Nxc8 {[%clk 0:29:39]} Rc2 {[%clk 0:13:15]}
46.Ne7+ {[%clk 0:29:45]} Kf8 {[%clk 0:12:59]} 47.Nxg6+ {[%clk 0:29:12]}
hxg6 {[%clk 0:13:14]} 48.Rxd3 {[%clk 0:29:35]} Bxc4 {[%clk 0:11:07]}
49.Rd8+ {[%clk 0:27:26]} Ke7 {[%clk 0:11:29]} 50.Rh8 {[%clk 0:27:37]}
g5 {[%clk 0:10:33]} 51.Kd4 {[%clk 0:26:56]} Bf7 {[%clk 0:10:40]}
52.Rh6 {[%clk 0:25:01]} Kf8 {[%clk 0:10:15]} 53.h4 {[%clk 0:24:26]}
Rc4+ {[%clk 0:10:07]} 54.Ke5 {[%clk 0:23:03]} Rxg4 {[%clk 0:07:49]}
55.hxg5 {[%clk 0:23:10]} Rxg5 {[%clk 0:07:39]} 56.Kf6 {[%clk 0:23:22]}
Rg7 {[%clk 0:07:22]} 57.Rh1 {[%clk 0:21:08]} Bg8 {[%clk 0:07:00]}
58.Ra1 {[%clk 0:21:15]} Rf7+ {[%clk 0:07:24]} 59.Kg5 {[%clk 0:21:22]}
Kg7 {[%clk 0:07:36]} 60.Re1 {[%clk 0:20:11]} Ra7 {[%clk 0:07:38]}
61.Re7+ {[%clk 0:20:18]} 1/2-1/2

[Event "World Cup 2021"]
[Site "Sochi"]
[Date "2021.07.13"]
[Round "2.6"]
[White "Draskovic Luka (MNE)"]
[Black "Indjic Aleksandar (SRB)"]
[Result "0-1"]
[WhiteElo "2472"]
[BlackElo "2607"]
[Annotator ""]
[Source ""]
[Remark ""]

1.e4 {[%clk 1:30:55]} c5 {[%clk 1:29:38]} 2.Nf3 {[%clk 1:31:09]}
d6 {[%clk 1:29:32]} 3.d4 {[%clk 1:31:14]} cxd4 {[%clk 1:29:52]}
4.Nxd4 {[%clk 1:31:38]} Nf6 {[%clk 1:30:14]} 5.Nc3 {[%clk 1:32:03]}
a6 {[%clk 1:30:36]} 6.Bg5 {[%clk 1:31:33]} e6 {[%clk 1:26:17]}
7.f4 {[%clk 1:30:49]} Qb6 {[%clk 1:25:23]} 8.Qd3 {[%clk 1:23:38]}
Qxb2 {[%clk 1:24:34]} 9.Rb1 {[%clk 1:24:04]} Qa3 {[%clk 1:24:52]}
10.f5 {[%clk 1:24:17]} Be7 {[%clk 1:24:12]} 11.fxe6 {[%clk 1:17:49]}
Bxe6 {[%clk 1:23:22]} 12.Nxe6 {[%clk 1:10:06]} fxe6 {[%clk 1:23:27]}
13.Rxb7 {[%clk 0:59:33]} Nbd7 {[%clk 1:20:14]} 14.e5 {[%clk 0:42:28]}
dxe5 {[%clk 1:19:59]} 15.Be2 {[%clk 0:36:39]} O-O {[%clk 1:13:35]}
16.Qc4 {[%clk 0:26:51]} Kh8 {[%clk 1:06:49]} 17.Rb3 {[%clk 0:21:28]}
Qd6 {[%clk 1:02:22]} 18.O-O {[%clk 0:16:21]} Rac8 {[%clk 0:59:50]}
19.Qd3 {[%clk 0:15:46]} Qxd3 {[%clk 0:59:13]} 20.cxd3 {[%clk 0:15:16]}
Bc5+ {[%clk 0:59:33]} 21.Kh1 {[%clk 0:15:39]} Bd4 {[%clk 0:59:43]}
22.Bd2 {[%clk 0:09:34]} h6 {[%clk 0:57:48]} 23.h3 {[%clk 0:08:21]}
Rc7 {[%clk 0:56:35]} 24.Ne4 {[%clk 0:07:16]} Rc2 {[%clk 0:54:05]}
25.Bb4 {[%clk 0:06:49]} Nxe4 {[%clk 0:44:52]} 26.dxe4 {[%clk 0:04:30]}
Rxf1+ {[%clk 0:45:03]} 27.Bxf1 {[%clk 0:04:57]} Rxa2 {[%clk 0:45:23]}
28.Rb1 {[%clk 0:04:38]} Nb6 {[%clk 0:40:23]} 29.Bd6 {[%clk 0:04:08]}
a5 {[%clk 0:40:43]} 30.Kh2 {[%clk 0:02:37]} a4 {[%clk 0:40:34]}
31.Bc7 {[%clk 0:02:00]} Nd7 {[%clk 0:40:50]} 32.Bd6 {[%clk 0:01:50]}
a3 {[%clk 0:39:32]} 33.Rb7 {[%clk 0:00:48]} Rxg2+ {[%clk 0:38:06]}
34.Kxg2 {[%clk 0:00:45]} a2 {[%clk 0:38:30]} 35.Rxd7 {[%clk 0:00:49]}
a1Q {[%clk 0:38:53]} 36.Bf8 {[%clk 0:00:36]} Qb2+ {[%clk 0:39:14]}
37.Kh1 Qf2 {[%clk 0:39:34]} 38.Bxg7+ {[%clk 0:01:29]} Kg8 {[%clk 0:39:57]}
 0-1

[Event "World Cup 2021"]
[Site "Sochi"]
[Date "2021.07.13"]
[Round "2.17"]
[White "Sebenik Matej (SLO)"]
[Black "Krasenkow Michal (POL)"]
[Result "1/2-1/2"]
[WhiteElo "2492"]
[BlackElo "2591"]
[Annotator ""]
[Source ""]
[Remark ""]

1.d4 {[%clk 1:30:56]} d5 {[%clk 1:30:53]} 2.c4 {[%clk 1:31:21]}
dxc4 {[%clk 1:31:18]} 3.e3 {[%clk 1:31:40]} e5 {[%clk 1:31:42]}
4.Bxc4 {[%clk 1:32:04]} exd4 {[%clk 1:32:06]} 5.exd4 {[%clk 1:32:29]}
Nf6 {[%clk 1:32:27]} 6.Qb3 {[%clk 1:29:45]} Qe7+ {[%clk 1:32:28]}
7.Ne2 {[%clk 1:30:09]} Qb4+ {[%clk 1:32:30]} 8.Nbc3 {[%clk 1:30:34]}
Qxb3 {[%clk 1:32:53]} 9.Bxb3 {[%clk 1:30:59]} Bd6 {[%clk 1:31:11]}
10.O-O {[%clk 1:27:37]} O-O {[%clk 1:25:13]} 11.Bg5 {[%clk 1:13:07]}
Nbd7 {[%clk 1:21:01]} 12.Nb5 {[%clk 1:13:18]} h6 {[%clk 1:13:51]}
13.Bf4 {[%clk 1:05:48]} Ne8 {[%clk 1:04:38]} 14.Bxd6 {[%clk 0:48:56]}
cxd6 {[%clk 1:04:57]} 15.Rac1 {[%clk 0:49:24]} Nb6 {[%clk 1:04:29]}
16.Nf4 {[%clk 0:49:34]} Bd7 {[%clk 0:56:12]} 17.a4 {[%clk 0:43:37]}
Bxb5 {[%clk 0:48:28]} 18.axb5 {[%clk 0:44:02]} Nf6 {[%clk 0:48:19]}
19.Rc7 {[%clk 0:42:58]} d5 {[%clk 0:44:36]} 20.Rxb7 {[%clk 0:41:50]}
g5 {[%clk 0:44:11]} 21.Ne2 {[%clk 0:39:53]} Rfb8 {[%clk 0:14:55]}
22.Rxb8+ {[%clk 0:36:17]} Rxb8 {[%clk 0:15:23]} 23.Nc3 {[%clk 0:31:53]}
Ne4 {[%clk 0:12:36]} 24.Nxe4 {[%clk 0:09:33]} dxe4 {[%clk 0:12:57]}
25.f3 {[%clk 0:06:51]} e3 {[%clk 0:12:23]} 26.Re1 {[%clk 0:07:04]}
Re8 {[%clk 0:09:32]} 27.Kf1 {[%clk 0:07:27]} Kf8 {[%clk 0:07:50]}
28.Ra1 {[%clk 0:05:22]} Re7 {[%clk 0:07:13]} 29.g4 {[%clk 0:03:18]}
Rd7 {[%clk 0:04:02]} 30.Ke2 {[%clk 0:03:44]} Rxd4 {[%clk 0:04:07]}
31.Rxa7 {[%clk 0:04:10]} Rd2+ {[%clk 0:03:51]} 32.Kxe3 {[%clk 0:04:33]}
Rxb2 {[%clk 0:04:15]} 33.Rxf7+ {[%clk 0:04:36]} Ke8 {[%clk 0:04:43]}
34.Be6 {[%clk 0:04:06]} Rxb5 {[%clk 0:04:46]} 35.Kd4 {[%clk 0:03:22]}
Rb4+ {[%clk 0:00:40]} 36.Kc5 {[%clk 0:02:51]} Rb2 {[%clk 0:01:00]}
37.Rh7 {[%clk 0:03:11]} Na4+ {[%clk 0:00:38]} 38.Kd6 {[%clk 0:03:10]}
Rb6+ {[%clk 0:00:43]} 39.Ke5 {[%clk 0:03:34]} Nc5 {[%clk 0:00:58]}
40.Rxh6 {[%clk 0:02:06]} Kf8 {[%clk 0:01:09]} 41.Rh8+ {[%clk 0:01:16]}
Kg7 {[%clk 0:01:08]} 42.Rg8+ {[%clk 0:29:24]} Kh7 {[%clk 0:30:20]}
43.Re8 {[%clk 0:29:31]} Nd3+ {[%clk 0:28:43]} 44.Kf5 {[%clk 0:21:12]}
Nf4 {[%clk 0:28:57]} 45.Bd7 {[%clk 0:19:19]} Nh3 {[%clk 0:25:05]}
46.Rc8 {[%clk 0:14:51]} Kg7 {[%clk 0:25:00]} 47.Bc6 {[%clk 0:15:00]}
Ra6 {[%clk 0:23:58]} 48.Rc7+ {[%clk 0:14:05]} Kh6 {[%clk 0:24:18]}
49.Be4 {[%clk 0:12:18]} Nf4 {[%clk 0:23:43]} 50.Rc6+ {[%clk 0:02:41]}
Rxc6 {[%clk 0:24:02]} 51.Bxc6 {[%clk 0:03:10]} Ng6 {[%clk 0:22:15]}
52.Kf6 {[%clk 0:03:09]} Nh4 {[%clk 0:20:20]} 53.Be4 {[%clk 0:01:34]}
Ng2 {[%clk 0:18:55]} 54.Bc6 {[%clk 0:00:41]} Nh4 {[%clk 0:18:22]}
55.Bd5 {[%clk 0:01:07]} Ng2 {[%clk 0:16:32]} 56.Bb3 {[%clk 0:01:13]}
Nh4 {[%clk 0:16:20]} 57.Bd1 {[%clk 0:00:45]} Ng6 {[%clk 0:15:16]}
58.Kf5 {[%clk 0:00:41]} Nh4+ {[%clk 0:15:24]} 59.Ke5 {[%clk 0:01:04]}
Ng2 {[%clk 0:15:14]} 60.Bc2 {[%clk 0:00:40]} Nh4 {[%clk 0:13:37]}
61.Be4 {[%clk 0:00:46]} Ng2 {[%clk 0:13:55]} 62.Bc6 {[%clk 0:00:39]}
Nf4 {[%clk 0:13:07]} 63.Ba4 {[%clk 0:00:39]} Ng2 {[%clk 0:13:22]}
64.Bd1 {[%clk 0:00:44]} Kg6 {[%clk 0:13:36]} 65.h3 {[%clk 0:00:39]}
Nf4 {[%clk 0:11:01]} 66.Bc2+ {[%clk 0:00:36]} Kh6 {[%clk 0:11:18]}
67.h4 {[%clk 0:00:51]} Ng2 {[%clk 0:11:36]} 68.Kf6 {[%clk 0:00:36]}
Nxh4 {[%clk 0:11:38]} 69.f4 {[%clk 0:01:04]} gxf4 {[%clk 0:11:35]}
70.g5+ {[%clk 0:00:43]} Kh5 {[%clk 0:11:57]} 71.Bd1+ {[%clk 0:00:38]}
f3 {[%clk 0:12:25]} 72.Bxf3+ {[%clk 0:00:42]} Nxf3 {[%clk 0:12:54]}
73.g6 {[%clk 0:01:07]} Nh2 {[%clk 0:13:16]} 74.g7 {[%clk 0:01:13]}
Ng4+ {[%clk 0:13:40]} 75.Kf7 {[%clk 0:01:39]} Nh6+ {[%clk 0:14:06]}
76.Kf8 {[%clk 0:02:04]} Kg6 {[%clk 0:14:32]} 77.g8R+ {[%clk 0:02:30]}
Nxg8 {[%clk 0:14:53]} 78.Kxg8 1/2-1/2

[Event "World Cup 2021"]
[Site "Sochi"]
[Date "2021.07.13"]
[Round "2.20"]
[White "Iordachescu Viorel (MDA)"]
[Black "Murzin Volodar (RUS)"]
[Result "1/2-1/2"]
[WhiteElo "2589"]
[BlackElo "2502"]
[Annotator ""]
[Source ""]
[Remark ""]

1.e4 {[%clk 1:30:44]} c6 {[%clk 1:30:47]} 2.d4 {[%clk 1:30:55]}
d5 {[%clk 1:31:01]} 3.e5 {[%clk 1:31:15]} Bf5 {[%clk 1:31:24]}
4.Nf3 {[%clk 1:31:03]} e6 {[%clk 1:31:44]} 5.Be2 {[%clk 1:31:06]}
Ne7 {[%clk 1:32:03]} 6.c3 {[%clk 1:30:49]} Ng6 {[%clk 1:30:55]}
7.O-O {[%clk 1:27:00]} f6 {[%clk 1:30:15]} 8.exf6 {[%clk 1:25:47]}
Qxf6 {[%clk 1:30:32]} 9.Bg5 {[%clk 1:25:47]} Qf7 {[%clk 1:30:37]}
10.Nh4 {[%clk 1:26:08]} Nxh4 {[%clk 1:20:14]} 11.Bxh4 {[%clk 1:26:22]}
Bd6 {[%clk 1:19:28]} 12.Bg3 {[%clk 1:18:25]} Bxg3 {[%clk 1:17:25]}
13.fxg3 {[%clk 1:17:54]} Qe7 {[%clk 1:17:20]} 14.g4 {[%clk 1:17:11]}
Bxb1 {[%clk 1:11:23]} 15.Rxb1 {[%clk 1:15:12]} Nd7 {[%clk 1:11:27]}
16.a4 {[%clk 1:05:07]} O-O-O {[%clk 0:55:09]} 17.b4 {[%clk 1:03:34]}
e5 {[%clk 0:49:12]} 18.b5 {[%clk 1:00:38]} c5 {[%clk 0:48:31]}
19.b6 {[%clk 0:43:08]} a6 {[%clk 0:43:45]} 20.dxe5 {[%clk 0:34:29]}
Nxe5 {[%clk 0:40:55]} 21.Qd2 {[%clk 0:34:38]} Rhe8 {[%clk 0:30:58]}
22.Kh1 {[%clk 0:27:35]} Qd6 {[%clk 0:21:37]} 23.Qg5 {[%clk 0:20:56]}
Qg6 {[%clk 0:17:53]} 24.Qh4 {[%clk 0:19:29]} Kb8 {[%clk 0:17:16]}
25.Rbe1 {[%clk 0:14:02]} Qd6 {[%clk 0:10:06]} 26.h3 h6 {[%clk 0:08:01]}
27.Rf5 {[%clk 0:06:25]} d4 {[%clk 0:05:43]} 28.cxd4 {[%clk 0:05:08]}
cxd4 {[%clk 0:06:12]} 29.Rd1 {[%clk 0:02:22]} Qxb6 {[%clk 0:03:24]}
30.g5 {[%clk 0:02:25]} d3 {[%clk 0:03:24]} 31.Bf1 {[%clk 0:02:30]}
Qd4 {[%clk 0:02:06]} 32.Qg3 {[%clk 0:02:29]} Ka8 {[%clk 0:02:26]}
33.Rf4 {[%clk 0:01:58]} Qd5 {[%clk 0:01:15]} 34.gxh6 {[%clk 0:01:03]}
gxh6 {[%clk 0:01:44]} 35.Rb4 {[%clk 0:00:43]} Qc5 {[%clk 0:01:53]}
36.Re4 {[%clk 0:00:57]} Qd5 {[%clk 0:01:06]} 37.Qe1 {[%clk 0:01:20]}
d2 {[%clk 0:00:43]} 38.Qe2 {[%clk 0:01:27]} Re7 {[%clk 0:00:43]}
39.Re3 {[%clk 0:01:34]} Rdd7 {[%clk 0:00:47]} 40.Rg3 {[%clk 0:00:37]}
Nc6 {[%clk 0:00:35]} 41.Qf2 {[%clk 0:28:00]} Qd4 {[%clk 0:28:38]}
42.Rg8+ {[%clk 0:26:50]} Ka7 {[%clk 0:28:57]} 43.Rxd2 {[%clk 0:26:30]}
Qxf2 {[%clk 0:26:48]} 44.Rxf2 {[%clk 0:26:50]} Rd4 {[%clk 0:24:37]}
45.Rf6 {[%clk 0:19:46]} h5 {[%clk 0:16:19]} 46.Rg5 {[%clk 0:18:52]}
h4 {[%clk 0:16:40]} 47.Rg4 {[%clk 0:18:52]} Ree4 {[%clk 0:16:26]}
48.Rxe4 {[%clk 0:18:32]} Rxe4 {[%clk 0:16:53]} 49.g4 {[%clk 0:18:51]}
hxg3 {[%clk 0:17:16]} 50.Kg2 {[%clk 0:19:12]} Rxa4 {[%clk 0:17:24]}
51.Kxg3 {[%clk 0:19:34]} a5 {[%clk 0:13:41]} 52.h4 {[%clk 0:19:21]}
Rd4 {[%clk 0:13:41]} 53.h5 {[%clk 0:18:57]} Kb6 {[%clk 0:07:30]}
54.h6 {[%clk 0:17:51]} a4 {[%clk 0:06:45]} 55.h7 {[%clk 0:13:22]}
Rd8 {[%clk 0:07:08]} 56.Rh6 {[%clk 0:11:32]} Rh8 {[%clk 0:06:23]}
57.Kf4 {[%clk 0:10:44]} Kc5 {[%clk 0:03:53]} 58.Rh5+ {[%clk 0:10:22]}
Kd4 {[%clk 0:04:06]} 59.Kg5 {[%clk 0:09:58]} a3 {[%clk 0:04:06]}
60.Rh4+ {[%clk 0:09:10]} Kc3 {[%clk 0:04:14]} 61.Rh3+ {[%clk 0:07:25]}
Kb4 {[%clk 0:04:01]} 62.Rh4+ {[%clk 0:07:32]} Ka5 {[%clk 0:04:16]}
63.Bd3 {[%clk 0:01:28]} a2 {[%clk 0:02:31]} 64.Rh1 {[%clk 0:01:56]}
Kb4 {[%clk 0:02:49]} 65.Kf6 {[%clk 0:01:51]} Kc3 {[%clk 0:03:08]}
66.Bg6 {[%clk 0:01:44]} Nd4 {[%clk 0:01:53]} 67.Kg7 {[%clk 0:01:47]}
Rxh7+ {[%clk 0:02:12]} 68.Bxh7 {[%clk 0:01:54]} Nb3 {[%clk 0:02:25]}
69.Kf6 {[%clk 0:01:24]} a1Q {[%clk 0:02:27]} 70.Rxa1 {[%clk 0:01:49]}
Nxa1 {[%clk 0:02:52]} 71.Ke5 {[%clk 0:01:55]} b5 {[%clk 0:03:17]}
72.Kd6 {[%clk 0:01:28]} Nb3 {[%clk 0:02:53]} 73.Bg8 {[%clk 0:01:48]}
b4 {[%clk 0:03:03]} 74.Bf7 {[%clk 0:02:09]} Nd2 {[%clk 0:03:21]}
75.Kc5 {[%clk 0:02:28]} Ne4+ {[%clk 0:03:46]} 76.Kc6 {[%clk 0:02:44]}
Nf6 {[%clk 0:03:42]} 77.Kc5 {[%clk 0:03:02]} Nd7+ {[%clk 0:04:04]}
78.Kd6 {[%clk 0:03:20]} Nb6 {[%clk 0:04:27]} 79.Kc5 {[%clk 0:03:44]}
Nd7+ {[%clk 0:04:40]} 1/2-1/2

[Event "World Cup 2021"]
[Site "Sochi"]
[Date "2021.07.14"]
[Round "1.3"]
[White "Gabuzyan Hovhannes (ARM)"]
[Black "Bellahcene Bilel (ALG)"]
[Result "1-0"]
[WhiteElo "2587"]
[BlackElo "2497"]
[Annotator ""]
[Source ""]
[Remark ""]

1.Nf3 {[%clk 0:25:19]} Nf6 {[%clk 0:25:15]} 2.g3 {[%clk 0:25:27]}
c5 {[%clk 0:25:21]} 3.Bg2 {[%clk 0:25:35]} Nc6 {[%clk 0:25:29]}
4.O-O {[%clk 0:25:40]} e5 {[%clk 0:25:38]} 5.e4 {[%clk 0:25:38]}
d6 {[%clk 0:25:28]} 6.Re1 {[%clk 0:24:58]} Be7 {[%clk 0:25:33]}
7.c3 {[%clk 0:25:06]} O-O {[%clk 0:25:26]} 8.h3 {[%clk 0:25:11]}
h6 {[%clk 0:24:31]} 9.d4 {[%clk 0:24:25]} exd4 {[%clk 0:23:23]}
10.cxd4 {[%clk 0:24:34]} d5 {[%clk 0:23:20]} 11.exd5 {[%clk 0:23:44]}
Nxd5 {[%clk 0:23:20]} 12.dxc5 {[%clk 0:23:51]} Bxc5 {[%clk 0:22:53]}
13.a3 {[%clk 0:22:22]} a5 {[%clk 0:21:34]} 14.Qc2 {[%clk 0:22:11]}
Qb6 {[%clk 0:19:38]} 15.Nc3 {[%clk 0:20:18]} Nxc3 {[%clk 0:18:54]}
16.bxc3 {[%clk 0:20:26]} Qc7 {[%clk 0:18:01]} 17.Nd4 {[%clk 0:19:26]}
Bd7 {[%clk 0:15:38]} 18.Be3 {[%clk 0:15:23]} Rfe8 {[%clk 0:13:03]}
19.Rad1 {[%clk 0:12:34]} Ne5 {[%clk 0:10:21]} 20.Qb3 {[%clk 0:10:07]}
a4 {[%clk 0:08:42]} 21.Qa2 {[%clk 0:08:46]} Rad8 {[%clk 0:07:44]}
22.Bf4 {[%clk 0:08:37]} Bd6 {[%clk 0:07:39]} 23.Bd5 {[%clk 0:07:54]}
Re7 {[%clk 0:07:17]} 24.c4 {[%clk 0:06:57]} Rde8 {[%clk 0:06:56]}
25.Qa1 {[%clk 0:05:24]} Qc5 {[%clk 0:03:52]} 26.Be3 {[%clk 0:03:34]}
Qc8 {[%clk 0:03:38]} 27.Nb5 {[%clk 0:03:24]} Bb8 {[%clk 0:03:28]}
28.Na7 {[%clk 0:03:01]} Bxa7 {[%clk 0:03:23]} 29.Bxa7 {[%clk 0:03:10]}
Bc6 {[%clk 0:03:15]} 30.Kg2 {[%clk 0:01:56]} Nxc4 {[%clk 0:02:36]}
31.Rxe7 {[%clk 0:02:03]} Rxe7 {[%clk 0:02:45]} 32.Qd4 {[%clk 0:01:51]}
Rd7 {[%clk 0:02:10]} 33.Qg4 {[%clk 0:02:00]} Ne5 {[%clk 0:01:34]}
34.Qe4 {[%clk 0:02:08]} Rxd5 {[%clk 0:00:54]} 35.Rxd5 {[%clk 0:02:17]}
Qe6 {[%clk 0:00:30]} 36.Rd8+ {[%clk 0:02:22]} Be8 {[%clk 0:00:31]}
37.Bd4 {[%clk 0:02:08]} f6 {[%clk 0:00:17]} 38.Bxe5 {[%clk 0:02:16]}
fxe5 {[%clk 0:00:26]} 39.Kg1 {[%clk 0:01:56]} b5 {[%clk 0:00:26]}
40.Qd5 {[%clk 0:01:58]} Qxd5 {[%clk 0:00:29]} 41.Rxd5 {[%clk 0:02:07]}
e4 {[%clk 0:00:27]} 42.Re5 {[%clk 0:02:07]} Bc6 {[%clk 0:00:32]}
43.Kf1 {[%clk 0:02:04]} Kf7 {[%clk 0:00:42]} 44.Ke2 {[%clk 0:02:13]}
Bd7 {[%clk 0:00:28]} 45.Ke3 {[%clk 0:02:09]} Kf6 {[%clk 0:00:26]}
46.Kxe4 {[%clk 0:02:16]} Bxh3 {[%clk 0:00:35]} 47.Rxb5 {[%clk 0:02:21]}
Bd7 {[%clk 0:00:30]} 48.Rb6+ {[%clk 0:02:29]} Kg5 {[%clk 0:00:28]}
49.Rd6 {[%clk 0:02:02]} Be8 {[%clk 0:00:33]} 50.f3 {[%clk 0:01:57]}
h5 {[%clk 0:00:33]} 51.Rd5+ {[%clk 0:02:04]} Kh6 {[%clk 0:00:38]}
52.Ke5 {[%clk 0:02:00]} Kg6 {[%clk 0:00:25]} 53.Kd6 {[%clk 0:01:57]}
Kf6 {[%clk 0:00:21]} 54.Re5 {[%clk 0:02:06]} Bf7 {[%clk 0:00:28]}
55.f4 {[%clk 0:01:36]} g6 {[%clk 0:00:34]} 56.Kc5 {[%clk 0:01:31]}
Bb3 {[%clk 0:00:35]} 57.Kb4 {[%clk 0:01:40]} Bc2 {[%clk 0:00:20]}
58.Ra5 {[%clk 0:01:33]} Bd1 {[%clk 0:00:22]} 59.Rxa4 {[%clk 0:01:31]}
Bxa4 {[%clk 0:00:13]} 60.Kxa4 {[%clk 0:01:40]} g5 {[%clk 0:00:17]}
61.fxg5+ {[%clk 0:01:44]} Kxg5 {[%clk 0:00:26]} 62.Kb4 {[%clk 0:01:54]}
Kg4 {[%clk 0:00:33]} 63.a4 {[%clk 0:02:03]} Kxg3 {[%clk 0:00:42]}
64.a5 {[%clk 0:02:13]} h4 {[%clk 0:00:34]} 65.a6 {[%clk 0:02:22]}
h3 {[%clk 0:00:39]} 66.a7 {[%clk 0:02:31]} Kf2 {[%clk 0:00:28]}
67.a8Q {[%clk 0:02:39]} Kg1 {[%clk 0:00:37]} 68.Qa1+ {[%clk 0:02:38]}
Kg2 {[%clk 0:00:43]} 69.Qb2+ {[%clk 0:02:46]} Kg1 {[%clk 0:00:53]}
70.Qc1+ {[%clk 0:02:55]} Kg2 {[%clk 0:01:02]} 71.Qd2+ {[%clk 0:03:01]}
Kg1 {[%clk 0:01:10]} 72.Qd1+ {[%clk 0:03:10]} Kg2 {[%clk 0:01:19]}
73.Qg4+ {[%clk 0:03:19]} 1-0